O sexuální výchově bez rozpaků /

Hlavní autor: Pondělíčková-Mašlová, Jaroslava, 1927-2016
Jazyk: Čeština
Vydáno: Praha : Avicenum, 1973
Vydání: 1. vyd.
Témata:
Externí odkaz: Digitalizovaný dokument
Fyzický popis: 181 s.
Knihy
Uloženo v:
LEADER 01070nam a22002772a 4500
001 000041877
003 CZ BrMZK
005 20080925145833.0
007 ta
008 010907s1973 xr f cze d
015 |a cnb000142818 
035 |a (OCoLC)42155496 
040 |a BOA001  |b cze 
100 1 |a Pondělíčková-Mašlová, Jaroslava,  |d 1927-2016  |7 jk01100561  |4 aut 
245 1 0 |a O sexuální výchově bez rozpaků /  |c Jaroslava Pondělíčková-Mašlová 
250 |a 1. vyd. 
260 |a Praha :  |b Avicenum,  |c 1973 
300 |a 181 s. 
500 |a Dostupné též v digitální podobě v aplikaci Kramerius 
856 4 1 |u http://www.digitalniknihovna.cz/mzk/uuid/uuid:08f69d20-7cc9-11e7-aab4-005056827e52  |y Digitalizovaný dokument  |x NDK 
910 |a BOA001  |b PK-0068.159  |b 1-0702.697 
920 |a 000362463 
964 |a Sexuální výchova 
990 |a BK 
996 6 |b 2619755237  |c 1-0702.697  |l MZK  |r Sklad / do 1 hodiny  |n 15  |w 000041877  |u 000040  |a 1  |e BOA001  |j MZK50  |s P 
996 7 |b 3119987957  |c PK-0068.159  |l MZK  |r Sklad / do 1 hodiny  |n 3  |w 000041877  |u 000010  |a 1  |e BOA001  |j MZK50  |s A